Trend tímovosti

Tím - kvalitatívne vyššia forma pracovnej skupiny, ktorá sa spoločne podieľa na riešení zadanej úlohy. Význam tímovej práce. Tím dizajn - cielené vytváranie efektívneho a funkčného tímu v nadväznosti na úlohu a cieľ práce. Kritériá pri výbere členov tímu - odborné znalosti a profesná zdatnosť, osobn...

Description complète

Enregistré dans:
Détails bibliographiques
Auteur principal: Adamková, Hana, 1969-
Format: Chapitre de livre
Langue:slovaque
Sujets:
Tags: Ajouter un tag
Pas de tags, Soyez le premier à ajouter un tag!

MARC

LEADER 00000naa$a2200000$$$4500
001 0008563
005 20240502071353.4
041 0 |a slo 
044 |a SK 
245 1 0 |a Trend tímovosti  |c aut. Hana Adamková 
520 |a Tím - kvalitatívne vyššia forma pracovnej skupiny, ktorá sa spoločne podieľa na riešení zadanej úlohy. Význam tímovej práce. Tím dizajn - cielené vytváranie efektívneho a funkčného tímu v nadväznosti na úlohu a cieľ práce. Kritériá pri výbere členov tímu - odborné znalosti a profesná zdatnosť, osobnostné vlastnosti, predpoklad na tímovú prácu, charakter riešeného problému. 
610 2 0 |a tímy pracovné 
610 2 0 |a práca tímová 
610 2 0 |a skupiny pracovné 
610 2 0 |a kvalifikácia 
610 2 0 |a manažéri 
100 1 |a Adamková, Hana, 1969-